<?xml version="1.0" encoding="UTF-8"?>
<record
    xmlns:xsi="http://www.w3.org/2001/XMLSchema-instance"
    xsi:schemaLocation="http://www.loc.gov/MARC21/slim http://www.loc.gov/standards/marcxml/schema/MARC21slim.xsd"
    xmlns="http://www.loc.gov/MARC21/slim">

  <leader>02267nam a22002777a 4500</leader>
  <controlfield tag="003">OSt</controlfield>
  <controlfield tag="005">20210414114500.0</controlfield>
  <controlfield tag="008"> </controlfield>
  <datafield tag="020" ind1=" " ind2=" ">
    <subfield code="a">9780132611374</subfield>
  </datafield>
  <datafield tag="040" ind1=" " ind2=" ">
    <subfield code="c">.</subfield>
  </datafield>
  <datafield tag="050" ind1="0" ind2="0">
    <subfield code="a">RT41.F8813</subfield>
  </datafield>
  <datafield tag="100" ind1=" " ind2=" ">
    <subfield code="a">Berman, Audrey</subfield>
  </datafield>
  <datafield tag="245" ind1="0" ind2="0">
    <subfield code="a">Kozier &amp; Erb's fundamentals of nursing :</subfield>
    <subfield code="b">concepts, process, and practice. /</subfield>
    <subfield code="c">Audrey Berman ... [et al.].</subfield>
  </datafield>
  <datafield tag="250" ind1=" " ind2=" ">
    <subfield code="a">9th ed.</subfield>
  </datafield>
  <datafield tag="260" ind1=" " ind2=" ">
    <subfield code="a">Boston :</subfield>
    <subfield code="b">Pearson,</subfield>
    <subfield code="c">c2012.</subfield>
  </datafield>
  <datafield tag="300" ind1=" " ind2=" ">
    <subfield code="a">xvi, 1616 p. :</subfield>
    <subfield code="b">ill. (col.) ;</subfield>
    <subfield code="c">28 cm.</subfield>
  </datafield>
  <datafield tag="504" ind1=" " ind2=" ">
    <subfield code="a">Includes bibliographical references and index.</subfield>
  </datafield>
  <datafield tag="505" ind1="0" ind2=" ">
    <subfield code="a">Contents: Historical and contemporary nursing practice -- Evidence-based practice and research in nursing -- Nursing theories and conceptual frameworks -- Legal aspects of nursing -- Values, ethics, and advocacy -- Health care delivery systems -- Community nursing and care continuity -- Home care -- Electronic health records and information technology -- Critical thinking and nursing practice -- Assessing -- Diagnosing -- Planning -- Implementing and evaluating -- Documenting and reporting -- Health promotion -- Health, wellness, and illness -- Culturally responsive nursing care -- Complementary and alternative healing modalities -- Concepts of growth and development -- Promoting health from conception through adolescence -- Promoting health in young and middle-aged adults -- Promoting health in older adults -- Promoting family health -- Caring -- Communicating -- Teaching -- Leading, managing, and delegating -- Vital signs -- Health assessment -- Asepsis -- Safety -- Hygiene -- Diagnostic testing -- Medications -- Skin integrity and wound care -- Perioperative nursing -- Sensory perception -- Self-concept -- Sexuality -- Spirituality -- Stress and coping -- Loss, grieving, and death -- Activity and exercise -- Sleep -- Pain management -- Nutrition -- Urinary elimination -- Fecal elimination -- Oxygenation -- Circulation -- Fluid, electrolyte, and acid-base balance -- Appendix A: Answers to test your knowledge -- Appendix B: Student resources website -- Appendix C: Student resources website.</subfield>
  </datafield>
  <datafield tag="650" ind1=" " ind2="0">
    <subfield code="a">Nursing.</subfield>
  </datafield>
  <datafield tag="650" ind1="1" ind2="2">
    <subfield code="a">Nursing Process.</subfield>
  </datafield>
  <datafield tag="650" ind1="2" ind2="2">
    <subfield code="a">Nursing Care.</subfield>
  </datafield>
  <datafield tag="650" ind1="2" ind2="2">
    <subfield code="a">Nursing Theory.</subfield>
  </datafield>
  <datafield tag="700" ind1="1" ind2=" ">
    <subfield code="a">Kozier, Barbara.</subfield>
  </datafield>
  <datafield tag="700" ind1="1" ind2=" ">
    <subfield code="a">Berman, Audrey.</subfield>
  </datafield>
  <datafield tag="942" ind1=" " ind2=" ">
    <subfield code="2">lcc</subfield>
    <subfield code="c">BK</subfield>
  </datafield>
  <datafield tag="999" ind1=" " ind2=" ">
    <subfield code="c">5739</subfield>
    <subfield code="d">13239</subfield>
  </datafield>
  <datafield tag="952" ind1=" " ind2=" ">
    <subfield code="0">0</subfield>
    <subfield code="1">0</subfield>
    <subfield code="2">lcc</subfield>
    <subfield code="4">0</subfield>
    <subfield code="7">0</subfield>
    <subfield code="8">NFIC</subfield>
    <subfield code="a">WIUC-1</subfield>
    <subfield code="b">WIUC-1</subfield>
    <subfield code="c">NURS L.</subfield>
    <subfield code="d">2015-09-28</subfield>
    <subfield code="l">0</subfield>
    <subfield code="o">RT41.F8813</subfield>
    <subfield code="p">NURS/161/15</subfield>
    <subfield code="r">2015-09-28 00:00:00</subfield>
    <subfield code="t">1</subfield>
    <subfield code="w">2015-09-28</subfield>
    <subfield code="y">BK</subfield>
  </datafield>
  <datafield tag="952" ind1=" " ind2=" ">
    <subfield code="0">0</subfield>
    <subfield code="1">0</subfield>
    <subfield code="2">lcc</subfield>
    <subfield code="4">0</subfield>
    <subfield code="7">0</subfield>
    <subfield code="8">NFIC</subfield>
    <subfield code="a">WIUC-1</subfield>
    <subfield code="b">WIUC-1</subfield>
    <subfield code="c">NURS L.</subfield>
    <subfield code="d">2015-09-28</subfield>
    <subfield code="l">0</subfield>
    <subfield code="o">RT41.F88131</subfield>
    <subfield code="p">NURS/162/15</subfield>
    <subfield code="r">2015-09-28 00:00:00</subfield>
    <subfield code="t">2</subfield>
    <subfield code="w">2015-09-28</subfield>
    <subfield code="y">BK</subfield>
  </datafield>
  <datafield tag="952" ind1=" " ind2=" ">
    <subfield code="0">0</subfield>
    <subfield code="1">0</subfield>
    <subfield code="2">lcc</subfield>
    <subfield code="4">0</subfield>
    <subfield code="7">0</subfield>
    <subfield code="8">NFIC</subfield>
    <subfield code="a">WIUC-1</subfield>
    <subfield code="b">WIUC-1</subfield>
    <subfield code="c">NURS L.</subfield>
    <subfield code="d">2015-09-28</subfield>
    <subfield code="l">0</subfield>
    <subfield code="o">RT41.F88132</subfield>
    <subfield code="p">NURS/163/15</subfield>
    <subfield code="r">2015-09-28 00:00:00</subfield>
    <subfield code="t">3</subfield>
    <subfield code="w">2015-09-28</subfield>
    <subfield code="y">BK</subfield>
  </datafield>
  <datafield tag="952" ind1=" " ind2=" ">
    <subfield code="0">0</subfield>
    <subfield code="1">0</subfield>
    <subfield code="2">lcc</subfield>
    <subfield code="4">0</subfield>
    <subfield code="7">0</subfield>
    <subfield code="8">NFIC</subfield>
    <subfield code="a">WIUC-1</subfield>
    <subfield code="b">WIUC-1</subfield>
    <subfield code="c">NURS L.</subfield>
    <subfield code="d">2015-09-28</subfield>
    <subfield code="l">0</subfield>
    <subfield code="o">RT41.F88133</subfield>
    <subfield code="p">NURS/164/15</subfield>
    <subfield code="r">2015-09-28 00:00:00</subfield>
    <subfield code="t">4</subfield>
    <subfield code="w">2015-09-28</subfield>
    <subfield code="y">BK</subfield>
  </datafield>
  <datafield tag="952" ind1=" " ind2=" ">
    <subfield code="0">0</subfield>
    <subfield code="1">0</subfield>
    <subfield code="2">lcc</subfield>
    <subfield code="4">0</subfield>
    <subfield code="7">0</subfield>
    <subfield code="8">NFIC</subfield>
    <subfield code="a">WIUC-1</subfield>
    <subfield code="b">WIUC-1</subfield>
    <subfield code="c">NURS L.</subfield>
    <subfield code="d">2015-09-28</subfield>
    <subfield code="l">0</subfield>
    <subfield code="o">RT41.F88134</subfield>
    <subfield code="p">NURS/165/15</subfield>
    <subfield code="r">2015-09-28 00:00:00</subfield>
    <subfield code="t">5</subfield>
    <subfield code="w">2015-09-28</subfield>
    <subfield code="y">BK</subfield>
  </datafield>
  <datafield tag="952" ind1=" " ind2=" ">
    <subfield code="0">0</subfield>
    <subfield code="1">0</subfield>
    <subfield code="2">lcc</subfield>
    <subfield code="4">0</subfield>
    <subfield code="7">0</subfield>
    <subfield code="8">NFIC</subfield>
    <subfield code="a">WIUC-1</subfield>
    <subfield code="b">WIUC-1</subfield>
    <subfield code="c">NURS L.</subfield>
    <subfield code="d">2015-09-28</subfield>
    <subfield code="l">0</subfield>
    <subfield code="o">RT41.F88135</subfield>
    <subfield code="p">NURS/166/15</subfield>
    <subfield code="r">2015-09-28 00:00:00</subfield>
    <subfield code="t">6</subfield>
    <subfield code="w">2015-09-28</subfield>
    <subfield code="y">BK</subfield>
  </datafield>
  <datafield tag="952" ind1=" " ind2=" ">
    <subfield code="0">0</subfield>
    <subfield code="1">0</subfield>
    <subfield code="2">lcc</subfield>
    <subfield code="4">0</subfield>
    <subfield code="7">0</subfield>
    <subfield code="8">NFIC</subfield>
    <subfield code="a">WIUC-1</subfield>
    <subfield code="b">WIUC-1</subfield>
    <subfield code="c">NURS L.</subfield>
    <subfield code="d">2015-09-28</subfield>
    <subfield code="l">0</subfield>
    <subfield code="o">RT41.F88136</subfield>
    <subfield code="p">NURS/167/15</subfield>
    <subfield code="r">2015-09-28 00:00:00</subfield>
    <subfield code="t">7</subfield>
    <subfield code="w">2015-09-28</subfield>
    <subfield code="y">BK</subfield>
  </datafield>
  <datafield tag="952" ind1=" " ind2=" ">
    <subfield code="0">0</subfield>
    <subfield code="1">0</subfield>
    <subfield code="2">lcc</subfield>
    <subfield code="4">0</subfield>
    <subfield code="7">0</subfield>
    <subfield code="8">NFIC</subfield>
    <subfield code="a">WIUC-1</subfield>
    <subfield code="b">WIUC-1</subfield>
    <subfield code="c">NURS L.</subfield>
    <subfield code="d">2015-09-28</subfield>
    <subfield code="l">0</subfield>
    <subfield code="o">RT41.F88137</subfield>
    <subfield code="p">NURS/168/15</subfield>
    <subfield code="r">2015-09-28 00:00:00</subfield>
    <subfield code="t">8</subfield>
    <subfield code="w">2015-09-28</subfield>
    <subfield code="y">BK</subfield>
  </datafield>
</record>
